| 000 | 00728 a2200217 4500 | ||
|---|---|---|---|
| 003 | OSt | ||
| 005 | 20230421101923.0 | ||
| 008 | 220811s2016 sp a||||r|||| 00| 0 spa d | ||
| 020 | _a9788416758227 | ||
| 040 | _cCHAP | ||
| 082 | 0 | 0 |
_a635.0284 _bM46 _222 |
| 100 | 1 |
_9186463 _aMaya Álvarez, Miguel Ángel |
|
| 245 | 1 | 0 |
_aRecolección y transporte de los productos agrícolas / _cpor Miguel Ángel Maya Álvarez. |
| 264 | 1 |
_aAntequera, Málaga : _bIC Editorial, _c2016. |
|
| 300 |
_a302 páginas. _bilustraciones. |
||
| 504 | _aIncluye bibliografía. | ||
| 650 | 4 |
_992035 _aProductos agrícolas _xTransporte |
|
| 650 | 4 |
_9152069 _aHortalizas _xManejo en postcosecha |
|
| 650 | 4 |
_985944 _aPastizales _xManejo |
|
| 942 |
_2ddc _cLIBRO |
||
| 999 |
_c217484 _d217484 |
||